000 00709nam a2200277Ia 4500
005 20260324122208.0
008 008 260324s9999 xx 000 0 eng d
020 _a9780203809389
037 _aEBOOK
040 _aCRL
040 _beng
040 _cCRL
041 _2eng
041 _aeng
084 _qCRL
100 _aCatherine Watts; Clare Forder
_91165495
245 0 _aLiving Languages: An Integrated Approach to Teaching Foreign Languages in Secondary Schools
260 _bTaylor and Francis
260 _c2013
365 _a
365 _b230
856 _uhttp://www.taylorfrancis.com/books/9780203809389
942 _cEBOOK
999 _c1758045
_d1758045